[Event "Barcelona Vila de Gracia op 23rd"]
[Site "Barcelona"]
[Date "2019.11.22"]
[Round "6"]
[White "Perez Mitjans, Orelvis"]
[Black "Fernandez Goyanes, Francesc X"]
[Result "1-0"]
[WhiteElo "2409"]
[BlackElo "2130"]
[PlyCount "105"]
[EventDate "2019.10.11"]
[EventType "swiss"]
[EventRounds "9"]
[EventCountry "ESP"]
[SourceTitle "CBM 194 Extra"]
[Source "ChessBase"]
[SourceDate "2020.03.31"]
[SourceVersion "1"]
[SourceVersionDate "2020.03.31"]
[SourceQuality "1"]

1. e4 e5 2. Nf3 Nc6 3. Bc4 Bc5 4. b4 Bxb4 5. c3 Bd6 6. d4 h6 7. dxe5 Bxe5 8. 0-0 Nf6 9. Nxe5 Nxe5 10. Bb3 d6 11. f4 Nc6 12. Ba3 0-0 13. Nd2 Re8 14. Qf3 Qd7 15. h3 Na5 16. Bc2 Qc6 17. g4 Be6 18. f5 Bc4 19. Rfe1 Nd7 20. Qg3 f6 21. h4 Re7 22. g5 hxg5 23. hxg5 fxg5 24. Nf3 g4 25. Qxg4 Ne5 26. Nxe5 Rxe5 27. f6 g5 28. Rf1 Qe8 29. Rf5 Qg6 30. Bc1 Be6 31. Bf4 Kf7 32. Bxe5 dxe5 33. Qg2 Nc4 34. Bb3 b5 35. Rxg5 Rg8 36. Rxg6 Rxg6 37. Qxg6+ Kxg6 38. a4 Kxf6 39. axb5 Nd2 40. Bxe6 Kxe6 41. Ra6+ Kd7 42. Rxa7 Kd6 43. Ra4 Kc5 44. Rb4 Nc4 45. Kf2 Nd6 46. Ke3 Nxb5 47. Kd3 c6 48. Rb1 Nd6 49. Rh1 Nc4 50. Rh6 Nb6 51. Re6 Nc4 52. Rxc6+ Kxc6 53. Kxc4 1-0

[Event "Barcelona Tupinamba op-A 14th"]
[Site "Barcelona"]
[Date "2019.05.15"]
[Round "6.7"]
[White "Fernandez Goyanes, Francesc X"]
[Black "Madrid Sole, Antonio"]
[Result "1-0"]
[WhiteElo "2073"]
[BlackElo "1841"]
[PlyCount "141"]
[EventDate "2019.03.27"]
[EventType "swiss"]
[EventRounds "9"]
[EventCountry "ESP"]
[SourceTitle "EXT 2024"]
[Source "ChessBase"]
[SourceDate "2023.10.10"]
[SourceVersion "1"]
[SourceVersionDate "2023.10.10"]
[SourceQuality "1"]

1. c4 Nf6 2. g3 e6 3. Bg2 d5 4. Nf3 Be7 5. 0-0 0-0 6. d4 b6 7. Nc3 Bb7 8. cxd5 exd5 9. Qc2 Nbd7 10. Rd1 c6 11. Bf4 Re8 12. Rac1 Nf8 13. Ne5 Ne6 14. Be3 Bd6 15. Nf3 Ng4 16. Bd2 Nf6 17. a3 h6 18. e3 Nf8 19. Nh4 Ne6 20. Qd3 Nc7 21. e4 dxe4 22. Nxe4 Nxe4 23. Bxe4 Nd5 24. Qf3 Ne7 25. Nf5 Nxf5 26. Qxf5 g6 27. Qf3 Bf8 28. Be3 Rc8 29. h4 Re6 30. h5 Rf6 31. Qg4 Kh7 32. Bf4 Re6 33. hxg6+ Rxg6 34. Bxg6+ fxg6 35. Be5 Qd5 36. f3 Re8 37. Kg2 Bc8 38. Qe4 Qe6 39. g4 Bd7 40. Re1 Qf7 41. Qd3 Be7 42. Re2 Bg5 43. Rce1 Be6 44. Rc2 Bd5 45. b4 Qd7 46. Kg3 Qd8 47. Rh2 Rf8 48. f4 Be7 49. g5 Bxg5 50. Qe3 Be7 51. Bc7 Qxc7 52. Qxe7+ Rf7 53. Qh4 h5 54. Rhe2 Qd7 55. Re7 Qf5 56. Rxf7+ Bxf7 57. Re3 Qb1 58. Qh2 Qd1 59. Qe2 Qc1 60. Kh4 Qh1+ 61. Kg5 Qd5+ 62. Re5 Qd8+ 63. Re7 Kg8 64. Qe5 Qc8 65. Qf6 Qf5+ 66. Qxf5 gxf5 67. Kxf5 a6 68. Kf6 Bd5 69. f5 a5 70. bxa5 bxa5 71. Ra7 1-0

[Event "Mataro Maresme op-A 13th"]
[Site "Mataro"]
[Date "2016.11.19"]
[Round "7"]
[White "Martin Villanova, Jordi"]
[Black "Fernandez Goyanes, Francesc X"]
[Result "1/2-1/2"]
[WhiteElo "1878"]
[BlackElo "2225"]
[PlyCount "98"]
[EventDate "2016.10.08"]
[EventType "swiss"]
[EventRounds "9"]
[EventCountry "ESP"]
[SourceTitle "EXT 2018"]
[Source "ChessBase"]
[SourceDate "2017.10.13"]
[SourceVersion "1"]
[SourceVersionDate "2017.10.13"]
[SourceQuality "1"]

1. Nf3 Nf6 2. g3 g6 3. Bg2 Bg7 4. 0-0 0-0 5. c4 d6 6. d4 c6 7. Nc3 Qb6 8. Qc2 Bf5 9. Qb3 Qc7 10. Nh4 Bd7 11. e4 e5 12. d5 Na6 13. h3 Nc5 14. Qc2 a5 15. Be3 cxd5 16. cxd5 b5 17. Rfc1 Rfc8 18. a3 Qb7 19. b4 axb4 20. axb4 Rxa1 21. Rxa1 Na4 22. Ra3 Qc7 23. Bd2 Qc4 24. Qb1 Qc7 25. Nxa4 bxa4 26. Rc3 Qb7 27. Rxc8+ Qxc8 28. b5 Ne8 29. b6 Qb7 30. Qb4 Bf6 31. Bf1 Bd8 32. Be3 f5 33. Bb5 a3 34. Bxd7 Qxd7 35. Qxa3 f4 36. Qa7 Qb5 37. gxf4 exf4 38. Bd4 Qb1+ 39. Kh2 Qxe4 40. b7 Bc7 41. Bb6 f3 42. Nxf3 Qxf3 43. Bxc7 Qf4+ 44. Kg2 Qg5+ 45. Kf1 Qc1+ 46. Ke2 Qc2+ 47. Kf3 Qf5+ 48. Ke2 Qc2+ 49. Kf3 Qf5+ 1/2-1/2